00400nam a2200133Ia 4500008004100000041000800041082002000049100006600069245003900135260004900174300002000223440000600243999001700249230128s9999 xx 000 0 und d aeng aMAY PR0697bMAY aMayuri Gaikwad - 2k181133 & Prof Genesh Lotke - Guide9119002 aA Study Of Bosch Production System c2019bSavitribai Phule Pune UniversityaPune a48pbHard Bound v1 c97306d97306